000 00717nam a2200289Ia 4500
001 Z_3329
003 CHAP
008 220113s1981 xx 000 0 und d
010 _a166438
040 _cCHAP
082 _a633.2 L3y
100 _aLanger, R H M
_964747
245 _aLas pasturas y sus plantas /
_cpor R. H. M. Langer
260 _aBuenos Aires :
_bHemisferio Sur,
_c1981
300 _a518 p. ; ilus.
440 _a
500 _aTrad. De : Pastures and pasture plants
503 _a123803
650 _aPastos
_985986
650 _aPlantas forrajeras
_988943
901 _a633.2 L3y
902 _aA
910 _a1981
942 _c1
942 _cc1
999 _c166438
_d166438